| 000 | 00424ntaaa2200181 4500 | ||
|---|---|---|---|
| 003 | 01 | ||
| 005 | 20251027201551.0 | ||
| 008 | 0714s1973 ag 01 | ||
| 040 |
_aAR-BaBN _bspa _cAR-BaBN _eaacr _dRIC |
||
| 082 | _a230.0000 C62 | ||
| 100 |
_aClose, Henry T. _914332 |
||
| 245 | _aReasons For Our Faith | ||
| 250 |
_a1 ed. : _bJ. Knox, _cc/962 |
||
| 300 | _a103 p. | ||
| 650 |
_aFe _91848 |
||
| 650 | _aTeologĂa | ||
| 942 | _cBK | ||
| 999 |
_c10279 _d10279 |
||